A Control Framework for Openid / (Record no. 608206)
[ view plain ]
| 000 -LEADER | |
|---|---|
| fixed length control field | 00680nam a22001337a 4500 |
| 082 ## - DEWEY DECIMAL CLASSIFICATION NUMBER | |
| Classification number | 005.8,MAH |
| 100 ## - MAIN ENTRY--PERSONAL NAME | |
| Personal name | 005.8,MAH |
| 9 (RLIN) | 121331 |
| 245 ## - TITLE STATEMENT | |
| Title | A Control Framework for Openid / |
| Statement of responsibility, etc. | Moeen Qaemi Mahmoodzadeh |
| 260 ## - PUBLICATION, DISTRIBUTION, ETC. | |
| Place of publication, distribution, etc. | Rawalpindi |
| Name of publisher, distributor, etc. | MCS (NUST) |
| Date of publication, distribution, etc. | Feb 2012 |
| 300 ## - PHYSICAL DESCRIPTION | |
| Extent | viii,138 p, |
| 505 ## - FORMATTED CONTENTS NOTE | |
| Formatted contents note | Introduction (Page-1), Introduction to Openid (Page-8), Openid Weaknesses and Security Requirements (Page-19), Protecting From Openid Phishing (Page-26), Control Framework for Openid (Page-54), Control Framework Measurements (Page-78), Control Framework Audit Considerations (Page-125), Conclusion and Future Work (Page-136). |
| 650 ## - SUBJECT ADDED ENTRY--TOPICAL TERM | |
| Topical term or geographic name entry element | PG Thesis |
| 9 (RLIN) | 35000 |
| 942 ## - ADDED ENTRY ELEMENTS (KOHA) | |
| Source of classification or shelving scheme | |
| Koha item type | Thesis |
| Call number prefix | 005.8,MAH |
| Withdrawn status | Lost status | Source of classification or shelving scheme | Damaged status | Not for loan | Permanent Location | Current Location | Shelving location | Date acquired | Total Checkouts | Full call number | Barcode | Date last seen | Price effective from | Koha item type | Public note |
|---|---|---|---|---|---|---|---|---|---|---|---|---|---|---|---|
| Military College of Signals (MCS) | Military College of Signals (MCS) | Thesis | 02/26/2024 | 005.8,MAH | MCSTIS-412 | 02/26/2024 | 02/26/2024 | Thesis | Only Hard Copy Available |
